| 000 | 02036nam a2200445 i 4500 | ||
|---|---|---|---|
| 001 | 198417 | ||
| 003 | ES-MaACL | ||
| 005 | 20260601182658.0 | ||
| 007 | ta | ||
| 008 | 260601s1964 sp a|||| |||| 001 1 spa d | ||
| 017 |
_aB 1417-1960 _bOficina Depósito Legal Barcelona |
||
| 040 |
_aES-MaACL _bspa _cES-MaACL _erda |
||
| 080 | _a82"18/19"(082.2) | ||
| 100 | 1 |
_aHauptmann, Gerhart _4aut _962099 _eaut |
|
| 245 | 1 | 0 | _aGerhart Hauptmann, Karl Gjellerup, André Gide, Salvatore Quasimodo, Saint-John Perse, Ivo Andric, John Steinbeck |
| 250 | _aPrimera edición | ||
| 264 | 1 |
_aBarcelona : _bPlaza & Janés, _c1964 |
|
| 300 |
_a1702 páginas y 7 hojas sin numerar : _bretratos (blanco y negro) ; _c18 cm |
||
| 336 |
_2rdacontent _aTexto |
||
| 337 |
_2rdamedia _asin mediación |
||
| 338 |
_2rdacarrier _avolumen |
||
| 490 | 0 |
_aLos premios Nobel de literatura ; _v9 |
|
| 500 | _aRegistro provisional | ||
| 500 | _aÍndice | ||
| 505 | 0 | _aMichael Krämer ; En el torbellino del destino / Gerhart Hauptmann -- El peregrino Camanita / Karl Gjellerup -- Dostoievski / André Gide. Poemas / Salvatore Quasimodo -- Antología poética / Saint-John Perse -- Un puente sobre el Drina ; El lugar maldito / Ivo Andric -- La perla ; El omnibus perdido / John Steinbeck | |
| 546 | _aTraducido del alemán, francés, inglés, danés, italiano y serbocroata | ||
| 650 | 4 |
_aLiteratura- _yS.XIX _9160173 |
|
| 650 | 4 |
_aLiteratura- _yS.XX _914497 |
|
| 700 | 1 |
_aGjellerup, Karl, _d1857-1919 _4aut _9236550 _eaut |
|
| 700 | 1 |
_aGide, André, _d1869-1951 _4aut _956674 _eaut |
|
| 700 | 1 |
_aQuasimodo, Salvatore _4aut _994489 _eaut |
|
| 700 | 1 |
_aSaint-John Perse _9101530 _4aut _eaut |
|
| 700 | 1 |
_aAndric, Ivo _921671 _4aut _eaut |
|
| 700 | 1 |
_aSteinbeck, John ( _d1902-1968) _9108042 _4aut _eaut |
|
| 852 |
_aES-MaACL _cDES _jDB-220 _hDonación: J. Porto _xEncuadernación cartoné _9207395 |
||
| 942 |
_cMONOGRAFIA _n0 |
||
| 999 |
_c198417 _d198417 |
||